| 000 | 01691nam0a2200325 4500 | ||
|---|---|---|---|
| 001 | RU\NLR\bibl\1477579 | ||
| 005 | 20250616004230.0 | ||
| 010 |
_a978-5-8050-0367-8 _9300 |
||
| 021 |
_aRU _b2009-105555 _96722 |
||
| 035 | _a(NLR Aleph) 001469244 | ||
| 090 |
_a1632969 _c1632969 |
||
| 100 | _a20100225d2009 |||y0rusy50 ca | ||
| 101 | 0 | _arus | |
| 102 | _aRU | ||
| 105 | _ay ||||||||| | ||
| 200 | 1 |
_aСборник технологических задач и методика их решения _e[пособие] _fГ.Р. Мугинова, Л.В. Рыжова _gФедер. агентство по образованию, ГОУ ВПО "Рос. гос. проф.-пед. ун-т" [и др.] |
|
| 210 |
_aЕкатеринбург _cРоссийский государственный профессионально-педагогический университет _d2009 |
||
| 215 |
_a116 с. _d21 |
||
| 300 | _aВ надзаг. также: Урал. отд-ние Рос. акад. образования, Акад. проф. образования | ||
| 313 | _aпо форме учебного пособия | ||
| 320 | _aБиблиогр.: с. 100-101 | ||
| 606 | 1 |
_aКулинария _jУчебные издания для высших учебных заведений _xТехнологическое проектирование _92594198 _3RU\NLR\auth\661532889 |
|
| 686 | _aЛ99я73-41 | ||
| 700 | 1 |
_aМугинова _bГ. Р. _gГульнара Расимовна _4070 |
|
| 701 | 1 |
_aРыжова _bЛ. В. _gЛюдмила Владимировна _4070 |
|
| 801 | 0 |
_aRU _bNLR _c20100225 _gRCR |
|
| 801 | 1 |
_aRU _bNLR _c20100225 |
|
| 942 | _cBOOK | ||
| 980 | _aNB | ||